000 00763nam a2200217Ii 4500
003 JO-AjNU
008 230605s9999||||xx |||||||||||||| ||und||
017 _a2005/5/1725
040 _aJO-AjNU
_bara
_erda
_cJO-AjNU
041 _aara
050 1 4 _aTS155.A4222 2005
100 3 _aالعلاونة، علي /م مشارك محمد عبيدات ، عبد الكريم عواد,
_eauthor
_932999
245 0 0 _aبحوث العمليات في العلوم التجارية
250 _aط1
264 3 1 _aعمان:دار يزيد للنشر، 2005
300 _a432ص
336 _atext
_btxt
_2rdacontent
337 _aunmediated
_bn
_2rdamedia
338 _avolume
_bnc
_2rdacarrier
650 4 _aبحوث العمليات-العلوم التجارية
_933000
999 _aA13385
_c16953
_d16953